000 00390nam a2200145Ia 4500
008 230312s9999||||xx |||||||||||||| ||und||
020 _a81-203-4015-2
082 _a621.382
_bCHA-P
100 _aChakrabarti;Abhijit
245 0 _aPower System Analysis Operation and Control
260 _bPHI
_aIndia
_c2012
300 _a1270
650 _aEngineering
_vElectrical Engineering
942 _cBK
999 _c10492
_d10492